000 00788nam a22002177a 4500
999 _c4739
_d4739
003 AR-CdUCM
008 190311b ||||| |||| 00| 0 spa d
040 _aMUNICIPALIDAD PROVINCIAL DEL CUSCO
_cBIBLIOTECA MUNICIPAL DEL CUSCO
082 _a869.038 /
_bOV93
100 _aOviedo, Jose Miguel
_9271
245 _aDiez Peruanos Cuentan /
260 _aUruguay :
_bArca ;
_c1968.
300 _a148 páginas ;
_c18cm
440 _aColección Narrativa Latinoamericana
_n11
_914664
505 _aContenido: Ciro Alegría -- José María Arguedas -- Sebastián Salazar Bondy -- Eleodoro Vargas Vicuña -- Julio Ramón Ribeyro...
650 _aLiteratos peruanos
_9808
650 _aNarrativa peruana
_9226
650 _aLiteratura peruana
_97175
942 _2ddc
_cLIBROS
945 _anom